<?xml version="1.0" encoding="UTF-8"?><marc:collection xmlns:marc="http://www.loc.gov/MARC21/slim">
  <marc:record>
    <marc:leader>00000nem  2200000za 4500</marc:leader>
    <marc:controlfield tag="001">9.818363</marc:controlfield>
    <marc:controlfield tag="003">CaOODSP</marc:controlfield>
    <marc:controlfield tag="005">20230131161136</marc:controlfield>
    <marc:controlfield tag="006">m    go  c f      </marc:controlfield>
    <marc:controlfield tag="007">cr |||||||||||</marc:controlfield>
    <marc:controlfield tag="008">160526s2016    onc    bd a  fo 0   eng d</marc:controlfield>
    <marc:datafield tag="020" ind1=" " ind2=" ">
      <marc:subfield code="a">978-0-660-05530-5</marc:subfield>
    </marc:datafield>
    <marc:datafield tag="040" ind1=" " ind2=" ">
      <marc:subfield code="a">CaOODSP</marc:subfield>
      <marc:subfield code="b">eng</marc:subfield>
    </marc:datafield>
    <marc:datafield tag="041" ind1=" " ind2=" ">
      <marc:subfield code="a">eng</marc:subfield>
      <marc:subfield code="b">fre</marc:subfield>
    </marc:datafield>
    <marc:datafield tag="043" ind1=" " ind2=" ">
      <marc:subfield code="a">n-cn-yk</marc:subfield>
    </marc:datafield>
    <marc:datafield tag="086" ind1="1" ind2=" ">
      <marc:subfield code="a">M183-1/292-2016E-PDF</marc:subfield>
    </marc:datafield>
    <marc:datafield tag="100" ind1="1" ind2=" ">
      <marc:subfield code="a">Ryan, J. J.</marc:subfield>
    </marc:datafield>
    <marc:datafield tag="245" ind1="1" ind2="0">
      <marc:subfield code="a">Geology, Mount Nansen - Nisling River area, Yukon </marc:subfield>
      <marc:subfield code="h">[electronic resource] / </marc:subfield>
      <marc:subfield code="c">[authors: J. J. Ryan ... [et al.]].</marc:subfield>
    </marc:datafield>
    <marc:datafield tag="250" ind1=" " ind2=" ">
      <marc:subfield code="a">Preliminary version</marc:subfield>
    </marc:datafield>
    <marc:datafield tag="255" ind1=" " ind2=" ">
      <marc:subfield code="a">Scale 1:100 000 ; </marc:subfield>
      <marc:subfield code="b">Universal Transverse Mercator, zone 8 </marc:subfield>
      <marc:subfield code="c">(W 138°16’--W 136°45'/N 62°10'--N 61°38’)</marc:subfield>
    </marc:datafield>
    <marc:datafield tag="260" ind1=" " ind2=" ">
      <marc:subfield code="a">Ottawa : </marc:subfield>
      <marc:subfield code="b">Natural Resources Canada, </marc:subfield>
      <marc:subfield code="c">2016.</marc:subfield>
    </marc:datafield>
    <marc:datafield tag="300" ind1=" " ind2=" ">
      <marc:subfield code="a">1 map : </marc:subfield>
      <marc:subfield code="b">col. + </marc:subfield>
      <marc:subfield code="e">1 map information document ([12] p.).</marc:subfield>
    </marc:datafield>
    <marc:datafield tag="490" ind1="1" ind2=" ">
      <marc:subfield code="a">Canadian geoscience map ; </marc:subfield>
      <marc:subfield code="v">292</marc:subfield>
    </marc:datafield>
    <marc:datafield tag="500" ind1=" " ind2=" ">
      <marc:subfield code="a">This record only includes the map and the “Map information document” in PDF, the complete data set with all the files in various formats is available for free download at http://geoscan.nrcan.gc.ca/</marc:subfield>
    </marc:datafield>
    <marc:datafield tag="504" ind1=" " ind2=" ">
      <marc:subfield code="a">Includes bibliographical references.</marc:subfield>
    </marc:datafield>
    <marc:datafield tag="520" ind1="3" ind2=" ">
      <marc:subfield code="a">"The Mount Nansen–Nisling River area is underlain dominantly by Paleozoic rocks of Yukon Tanana terrane, and Triassic to Paleogene successor rocks. Rocks to the east are dominated by the Mississippian Simpson Range suite that is intruded by the voluminous Early Jurassic Long Lakes suite. The western geology is dominated by metasedimentary rocks of the Snowcap assemblage and Stevenson Ridge schist, and lesser Finlayson assemblage metavolcanic and metasedimetary rocks. Permian Sulphur Creek suite forms sparse intrusions of K-feldsparaugen granite. The northern geology is dominated by the mid-Cretaceous Whitehorse plutonic suite and Mount Nansen Group  volcanic rocks, that locally host Cu-Au porphyry and Au mineralization. Late Cretaceous  Casino suite hypabyssal rocks are present sparsely across much of the area with and have known porphyry and epithermal mineral potential (e.g.  Klaza). Paleogene  volcanic and hypabyssal rocks are sporadically across the map, and are more prevalent to the southwest"--Abstract.</marc:subfield>
    </marc:datafield>
    <marc:datafield tag="546" ind1=" " ind2=" ">
      <marc:subfield code="a">Includes abstract in French.</marc:subfield>
    </marc:datafield>
    <marc:datafield tag="692" ind1="0" ind2="7">
      <marc:subfield code="2">gccst</marc:subfield>
      <marc:subfield code="a">Geological maps</marc:subfield>
    </marc:datafield>
    <marc:datafield tag="692" ind1="0" ind2="7">
      <marc:subfield code="2">gccst</marc:subfield>
      <marc:subfield code="a">Geomorphology</marc:subfield>
    </marc:datafield>
    <marc:datafield tag="692" ind1="0" ind2="7">
      <marc:subfield code="2">gccst</marc:subfield>
      <marc:subfield code="a">Surficial geology</marc:subfield>
    </marc:datafield>
    <marc:datafield tag="710" ind1="1" ind2=" ">
      <marc:subfield code="a">Canada. </marc:subfield>
      <marc:subfield code="b">Natural Resources Canada.</marc:subfield>
    </marc:datafield>
    <marc:datafield tag="710" ind1="2" ind2=" ">
      <marc:subfield code="a">Geological Survey of Canada.</marc:subfield>
    </marc:datafield>
    <marc:datafield tag="830" ind1="#" ind2="0">
      <marc:subfield code="a">Canadian geoscience map ;</marc:subfield>
      <marc:subfield code="v">292.</marc:subfield>
      <marc:subfield code="w">(CaOODSP)9.506260</marc:subfield>
    </marc:datafield>
    <marc:datafield tag="856" ind1="4" ind2="0">
      <marc:subfield code="q">PDF</marc:subfield>
      <marc:subfield code="s">50.12 MB</marc:subfield>
      <marc:subfield code="u">https://publications.gc.ca/collections/collection_2017/rncan-nrcan/M183-1-292-2016-1-eng.pdf</marc:subfield>
      <marc:subfield code="z">Map</marc:subfield>
    </marc:datafield>
    <marc:datafield tag="856" ind1="4" ind2="0">
      <marc:subfield code="q">PDF</marc:subfield>
      <marc:subfield code="s">438 KB</marc:subfield>
      <marc:subfield code="u">https://publications.gc.ca/collections/collection_2017/rncan-nrcan/M183-1-292-2016-eng.pdf</marc:subfield>
      <marc:subfield code="z">Map information document</marc:subfield>
    </marc:datafield>
    <marc:datafield tag="856" ind1="4" ind2="0">
      <marc:subfield code="q">HTML</marc:subfield>
      <marc:subfield code="s">N/A</marc:subfield>
      <marc:subfield code="u">https://doi.org/10.4095/298835</marc:subfield>
      <marc:subfield code="z">GEOSCAN DOI</marc:subfield>
    </marc:datafield>
    <marc:datafield tag="986" ind1=" " ind2=" ">
      <marc:subfield code="a">298835</marc:subfield>
    </marc:datafield>
  </marc:record>
</marc:collection>
